Mellor's modern inorganic chemistry

Bibliographic Details
Main Authors: Parkes,G. D, Mellor J. W.
Format: Section = Libro
Language:Undetermined
Spanish
Published: London Longman Group 1941
Subjects:
LEADER 00532nam a2200205Ia 4500
008 240830s9999 xx 000 0 und d
040 |a CEDOC FIQ-RUSB / 546 P245 
041 |a spa 
082 |a 546 P245 
100 1 |a Parkes,G. D 
100 1 |b Mellor J. W.  
245 1 0 |a Mellor's modern inorganic chemistry 
260 |a London  |b Longman Group  |c 1941 
300 |a 915 p. :il. 
650 7 |a QUÍMICA INORGÁNICA 
650 7 |b  ALQUIMISTAS 
650 7 |c  ESTADO DE LA MATERIA GASEOSA 
942 |c BK  |2 ddc 
991 |a TEXTO 
999 |c 13919